[Event "Verbandsliga Nord Baden 1314"]
[Site "Germany"]
[Date "2014.02.16"]
[Round "6.2"]
[White "Wist, Alexander"]
[Black "Volodin, Ivan"]
[Result "1/2-1/2"]
[WhiteElo "2101"]
[BlackElo "2265"]
[PlyCount "82"]
[EventDate "2013.10.20"]
[EventType "team-tourn"]
[EventRounds "9"]
[EventCountry "GER"]
[SourceTitle "EXT 2015"]
[Source "ChessBase"]
[SourceDate "2014.11.20"]
[SourceVersion "1"]
[SourceVersionDate "2014.11.20"]
[SourceQuality "1"]
[WhiteTeam "Karlsruhe II"]
[BlackTeam "Heidelberg"]
[WhiteTeamCountry "GER"]
[BlackTeamCountry "GER"]

1. e4 c5 2. Nf3 Nc6 3. d4 cxd4 4. Nxd4 Qb6 5. Nb5 Nf6 6. Be3 Qd8 7. N1c3 a6 8. Nd4 e5 9. Nf5 d5 10. exd5 Nb4 11. Ng3 Nbxd5 12. Nxd5 Nxd5 13. c4 Nxe3 14. Qxd8+ Kxd8 15. fxe3 Bc5 16. Rd1+ Kc7 17. Rd5 Bxe3 18. Rxe5 Bd4 19. Re7+ Kb6 20. Rxf7 Be6 21. Rf3 Rhf8 22. b3 Bg4 23. Rxf8 Bc3+ 24. Kf2 Rxf8+ 25. Ke3 Bb4 26. Ne4 Bf5 27. Bd3 Bxe4 28. Bxe4 Bc5+ 29. Kd3 Rf2 30. Rb1 Rxa2 31. b4 Be7 32. c5+ Kc7 33. Kc4 Re2 34. Kd5 Bf6 35. b5 axb5 36. Rxb5 Rd2+ 37. Ke6 Rb2 38. Rxb2 Bxb2 39. Bxh7 b6 40. cxb6+ Kxb6 41. h4 Ka5 1/2-1/2

[Event "Verbandsliga Nord Baden 1314"]
[Site "Germany"]
[Date "2014.01.12"]
[Round "4.3"]
[White "Kistner, Klaus"]
[Black "Wist, Alexander"]
[Result "1-0"]
[WhiteElo "2157"]
[BlackElo "2101"]
[PlyCount "123"]
[EventDate "2013.10.20"]
[EventType "team-tourn"]
[EventRounds "9"]
[EventCountry "GER"]
[SourceTitle "EXT 2015"]
[Source "ChessBase"]
[SourceDate "2014.11.20"]
[SourceVersion "1"]
[SourceVersionDate "2014.11.20"]
[SourceQuality "1"]
[WhiteTeam "Bad Mergentheim II"]
[BlackTeam "Karlsruhe II"]
[WhiteTeamCountry "GER"]
[BlackTeamCountry "GER"]

1. c4 Nf6 2. Nc3 c5 3. g3 Nc6 4. Bg2 e6 5. e4 d6 6. Nge2 e5 7. d3 h6 8. Nd5 Bg4 9. f3 Be6 10. a3 Be7 11. b4 0-0 12. Rb1 b6 13. 0-0 Qd7 14. Rf2 Nd4 15. Nxd4 cxd4 16. Nxf6+ Bxf6 17. f4 Bg4 18. Bf3 Bxf3 19. Rxf3 b5 20. cxb5 Qxb5 21. Bd2 d5 22. fxe5 Bxe5 23. a4 Qd7 24. Rf5 Rae8 25. Qg4 dxe4 26. Qxe4 Bxg3 27. Qg4 h5 28. Qf3 Re5 29. Rxh5 Rxh5 30. Qxh5 Bd6 31. b5 g6 32. Qf3 Kg7 33. Rf1 Rh8 34. h4 Qe6 35. Bg5 Be7 36. a5 f6 37. Bd2 Rxh4 38. Re1 Qd6 39. Re2 Bd8 40. Qb7+ Bc7 41. b6 axb6 42. axb6 Qxb6 43. Re7+ Kf8 44. Rxc7 Qxb7 45. Rxb7 Rh3 46. Rb3 g5 47. Kg2 Rh4 48. Rb7 Rg4+ 49. Kf3 Rh4 50. Bb4+ Kg8 51. Bc5 f5 52. Rd7 Rh3+ 53. Ke2 Rh2+ 54. Kf1 Rd2 55. Rxd4 Kf7 56. Rd6 f4 57. Ke1 Rc2 58. Bd4 Rg2 59. Rf6+ Ke7 60. Be5 f3 61. Rxf3 Ke6 62. Rg3 1-0

[Event "Regionalliga SO 1213"]
[Site "Bayern"]
[Date "2012.12.09"]
[Round "4.5"]
[White "Bielmeier, Ludwig"]
[Black "Wist, Alexander"]
[Result "1/2-1/2"]
[WhiteElo "1988"]
[BlackElo "2046"]
[PlyCount "102"]
[EventDate "2012.10.14"]
[EventType "team-tourn"]
[EventRounds "9"]
[EventCountry "GER"]
[SourceTitle "EXT 2015"]
[Source "ChessBase"]
[SourceDate "2014.11.20"]
[SourceVersion "1"]
[SourceVersionDate "2014.11.20"]
[SourceQuality "1"]
[WhiteTeam "Deggendorf"]
[BlackTeam "Landshut"]
[WhiteTeamCountry "GER"]
[BlackTeamCountry "GER"]

1. Nf3 Nf6 2. c4 c5 3. g3 g6 4. Bg2 Bg7 5. Nc3 Nc6 6. 0-0 0-0 7. d4 d6 8. dxc5 dxc5 9. Bf4 Be6 10. Ne5 Nxe5 11. Bxe5 Nd7 12. Bxg7 Kxg7 13. Bxb7 Rb8 14. Bd5 Bh3 15. Re1 Rxb2 16. Na4 Rb8 17. Nxc5 Nb6 18. Qd4+ Kg8 19. Qh4 e6 20. Qxh3 exd5 21. cxd5 Qxd5 22. Nd3 Rfe8 23. Qh6 Qd4 24. Nf4 Rbc8 25. a4 Rc5 26. a5 Nd5 27. Red1 Qe4 28. Nxd5 Rxd5 29. Rxd5 Qxd5 30. Qf4 Qe5 31. Qxe5 Rxe5 32. Ra2 Kf8 33. a6 Re6 34. f3 Ke8 35. Kf2 Kd8 36. e4 Kc7 37. Ke3 Kb6 38. Kd4 Rd6+ 39. Kc4 g5 40. e5 Rd1 41. Ra3 h5 42. Re3 Rd2 43. e6 fxe6 44. Rxe6+ Ka5 45. Re5+ Kxa6 46. Rxg5 Rxh2 47. f4 h4 48. Rg6+ Kb7 49. Rg7+ Kc6 50. Rg6+ Kd7 51. gxh4 Rxh4 1/2-1/2

[Event "Landesliga Sued 1112"]
[Site "Bayern"]
[Date "2012.04.15"]
[Round "9.4"]
[White "Wist, Alexander"]
[Black "De Francesco, Klaus"]
[Result "0-1"]
[WhiteElo "2055"]
[BlackElo "2276"]
[PlyCount "95"]
[EventDate "2011.10.02"]
[EventType "team-tourn"]
[EventRounds "9"]
[EventCountry "GER"]
[SourceTitle "EXT 2015"]
[Source "ChessBase"]
[SourceDate "2014.11.20"]
[SourceVersion "1"]
[SourceVersionDate "2014.11.20"]
[SourceQuality "1"]
[WhiteTeam "Landshut"]
[BlackTeam "Weilheim"]
[WhiteTeamCountry "GER"]
[BlackTeamCountry "GER"]

1. e4 e6 2. d4 d5 3. exd5 exd5 4. Bd3 c5 5. Qe2+ Be7 6. dxc5 Nf6 7. Nf3 0-0 8. 0-0 Re8 9. Bg5 h6 10. Bh4 Nc6 11. c3 Bg4 12. h3 Bxc5 13. Qd1 Bxf3 14. Qxf3 Ne5 15. Qd1 g5 16. Bg3 Ne4 17. Bxe4 dxe4 18. Bxe5 Rxe5 19. Qxd8+ Rxd8 20. Na3 e3 21. fxe3 Rxe3 22. Kh1 Bxa3 23. bxa3 Rxc3 24. Rac1 Rxc1 25. Rxc1 Rd2 26. Rc7 Rxa2 27. Rxb7 Rxa3 28. Kh2 Kg7 29. g4 a5 30. Rb6 a4 31. Ra6 Ra2+ 32. Kg3 a3 33. h4 gxh4+ 34. Kxh4 Ra1 35. Kg3 f6 36. Kg2 Kg6 37. Ra5 a2 38. Kh2 h5 39. gxh5+ Kh6 40. Kg2 f5 41. Kh2 f4 42. Kg2 f3+ 43. Kf2 Rh1 44. Ra6+ Kxh5 45. Ra5+ Kg6 46. Ra6+ Kf7 47. Ra7+ Ke6 48. Ra6+ 0-1

[Event "Landesliga Sued 1112"]
[Site "Bayern"]
[Date "2012.02.05"]
[Round "6.3"]
[White "Wist, Alexander"]
[Black "Wolf, Armin"]
[Result "1/2-1/2"]
[WhiteElo "2055"]
[BlackElo "2122"]
[PlyCount "132"]
[EventDate "2011.10.02"]
[EventType "team-tourn"]
[EventRounds "9"]
[EventCountry "GER"]
[SourceTitle "EXT 2013"]
[Source "ChessBase"]
[SourceDate "2012.11.22"]
[SourceVersion "1"]
[SourceVersionDate "2012.11.22"]
[SourceQuality "1"]
[WhiteTeam "Landshut"]
[BlackTeam "Haunstetten"]
[WhiteTeamCountry "GER"]
[BlackTeamCountry "GER"]

1. e4 e6 2. d4 d5 3. exd5 exd5 4. Bd3 Bd6 5. Nf3 Ne7 6. 0-0 0-0 7. Nc3 c6 8. Bg5 f6 9. Bh4 Bf5 10. Bg3 Bxd3 11. Qxd3 Na6 12. a3 Nc7 13. Rfe1 Qd7 14. Re2 Nf5 15. Rae1 Nxg3 16. hxg3 Rae8 17. Nh4 Rxe2 18. Rxe2 Re8 19. Qf5 Qxf5 20. Nxf5 Bf8 21. Rxe8 Nxe8 22. g4 g6 23. Ne3 Nd6 24. g3 Kf7 25. Kf1 Ke6 26. Ke2 f5 27. gxf5+ Nxf5 28. Nxf5 Kxf5 29. Kf3 h5 30. Nd1 Bh6 31. a4 Bc1 32. b3 g5 33. c4 g4+ 34. Ke2 Ke4 35. cxd5 cxd5 36. Nc3+ Kxd4 37. Nb5+ Kc5 38. Nxa7 Kb4 39. Nc8 Kxb3 40. Nd6 Kxa4 41. Nxb7 Kb5 42. Kd3 Bb2 43. Nd8 Be5 44. Nf7 Bc7 45. Ng5 Kc6 46. Ne6 Be5 47. Nf8 Kd6 48. Ng6 Ke6 49. Nh4 Bf6 50. Ng2 Bg5 51. Ne1 h4 52. gxh4 Bxh4 53. Ke2 Kf5 54. Ng2 Bg5 55. Ne1 Ke5 56. Kd3 Bh4 57. Ke2 d4 58. Nd3+ Kd5 59. Nf4+ Kc4 60. Nd3 Bf6 61. Nb2+ Kc3 62. Nd3 Bg7 63. Ne1 Be5 64. Nd3 Bd6 65. Ne1 g3 66. fxg3 Bxg3 1/2-1/2

[Event "Landesliga Sued 1112"]
[Site "Bayern"]
[Date "2011.10.23"]
[Round "2.4"]
[White "Michaelis, Martin"]
[Black "Wist, Alexander"]
[Result "1-0"]
[WhiteElo "2185"]
[BlackElo "2055"]
[PlyCount "83"]
[EventDate "2011.10.02"]
[EventType "team-tourn"]
[EventRounds "9"]
[EventCountry "GER"]
[SourceTitle "EXT 2013"]
[Source "ChessBase"]
[SourceDate "2012.11.22"]
[SourceVersion "1"]
[SourceVersionDate "2012.11.22"]
[SourceQuality "1"]
[WhiteTeam "Ingolstadt"]
[BlackTeam "Landshut"]
[WhiteTeamCountry "GER"]
[BlackTeamCountry "GER"]

1. d4 Nf6 2. c4 e6 3. Nf3 c5 4. d5 exd5 5. cxd5 d6 6. Nc3 g6 7. Bf4 Bg7 8. Qa4+ Bd7 9. Qb3 Qc7 10. Nd2 0-0 11. e4 Na6 12. Be2 Rfe8 13. 0-0 Rab8 14. Rfe1 Bf8 15. h3 Qd8 16. a4 Nb4 17. Bf1 Qc7 18. Nc4 Nh5 19. Bh2 g5 20. e5 Nf4 21. exd6 Bxd6 22. Nxd6 Qxd6 23. Ne4 Rxe4 24. Rxe4 Bf5 25. Bxf4 gxf4 26. Re2 c4 27. Qf3 Bd3 28. Rd2 a5 29. Bxd3 cxd3 30. Rxd3 Nxd3 31. Qxd3 Re8 32. Rd1 b6 33. Qf3 Kf8 34. Rd4 Rd8 35. Qe4 Kg7 36. Qf5 h6 37. Rxf4 Qxd5 38. Qf6+ Kh7 39. Qxf7+ Qxf7 40. Rxf7+ Kg6 41. Rf3 Rd1+ 42. Kh2 1-0

[Event "Regionalliga SO 1011"]
[Site "Bayern"]
[Date "2011.02.06"]
[Round "6.4"]
[White "Haselbeck, Franz"]
[Black "Wist, Alexander"]
[Result "1-0"]
[WhiteElo "1966"]
[BlackElo "2074"]
[PlyCount "81"]
[EventDate "2010.10.10"]
[EventType "team-tourn"]
[EventRounds "9"]
[EventCountry "GER"]
[SourceTitle "EXT 2012"]
[Source "ChessBase"]
[SourceDate "2011.11.24"]
[SourceVersion "1"]
[SourceVersionDate "2011.11.24"]
[SourceQuality "1"]
[WhiteTeam "Deggendorf"]
[BlackTeam "Landshut"]
[WhiteTeamCountry "GER"]
[BlackTeamCountry "GER"]

1. e4 c5 2. Nf3 d6 3. c3 Nf6 4. g3 Nc6 5. d3 e5 6. Bg2 Be7 7. 0-0 0-0 8. a3 a5 9. Nbd2 h6 10. Re1 Be6 11. a4 Nh7 12. Nf1 Ng5 13. Nxg5 Bxg5 14. f4 Bf6 15. f5 Bd7 16. Ne3 Bg5 17. h4 Bxe3+ 18. Bxe3 Ra6 19. Rf1 f6 20. g4 Rb6 21. Qd2 Kf7 22. g5 hxg5 23. hxg5 Rh8 24. Kf2 Nd4 25. cxd4 cxd4 26. Bxd4 exd4 27. Rh1 fxg5 28. Rxh8 Qxh8 29. Rh1 Qd8 30. Qe2 Kf6 31. Qd2 Be8 32. Kg3 Qe7 33. Kg4 Qe5 34. Qxg5+ Kf7 35. Rh8 d5 36. Qh5+ g6 37. Qh7+ Qg7 38. Qxg7+ Kxg7 39. Rxe8 Rxb2 40. Bf3 gxf5+ 41. exf5 1-0

[Event "Bad Griesbach Seniors op 13th"]
[Site "Bad Griesbach"]
[Date "2010.12.09"]
[Round "5"]
[White "Wist, Alexander"]
[Black "Woeber, Friedrich"]
[Result "1/2-1/2"]
[WhiteElo "2057"]
[BlackElo "2096"]
[PlyCount "57"]
[EventDate "2010.12.05"]
[EventType "swiss"]
[EventRounds "7"]
[EventCountry "GER"]
[SourceTitle "EXT 2015"]
[Source "ChessBase"]
[SourceDate "2014.11.20"]
[SourceVersion "1"]
[SourceVersionDate "2014.11.20"]
[SourceQuality "1"]

1. e4 c5 2. Nf3 e6 3. d4 cxd4 4. Nxd4 Bc5 5. Nb3 Bb6 6. Nc3 Ne7 7. Bd3 0-0 8. 0-0 Nbc6 9. Qe2 f5 10. Be3 f4 11. Bxb6 Qxb6 12. e5 f3 13. gxf3 Nf5 14. f4 Qd8 15. Qg4 d5 16. Ne2 Nb4 17. Rad1 Nxd3 18. Rxd3 b6 19. Nbd4 Qh4 20. Qxh4 Nxh4 21. Rc3 Ba6 22. f3 Bxe2 23. Nxe2 Ng6 24. Kf2 Nxf4 25. Nxf4 Rxf4 26. Rc6 Re8 27. Ke3 g5 28. Rg1 h6 29. Rg4 1/2-1/2

[Event "Bad Griesbach Seniors op 13th"]
[Site "Bad Griesbach"]
[Date "2010.12.07"]
[Round "3"]
[White "Wist, Alexander"]
[Black "Kugelmann, Werner"]
[Result "0-1"]
[WhiteElo "2057"]
[BlackElo "2173"]
[PlyCount "76"]
[EventDate "2010.12.05"]
[EventType "swiss"]
[EventRounds "7"]
[EventCountry "GER"]
[SourceTitle "EXT 2015"]
[Source "ChessBase"]
[SourceDate "2014.11.20"]
[SourceVersion "1"]
[SourceVersionDate "2014.11.20"]
[SourceQuality "1"]

1. e4 c5 2. Nf3 Nc6 3. d4 cxd4 4. Nxd4 Nf6 5. Nxc6 bxc6 6. Bd3 g6 7. 0-0 Bg7 8. c4 d6 9. h3 0-0 10. Nc3 Rb8 11. Qc2 Nd7 12. Be3 Qa5 13. a3 Rxb2 14. Qxb2 Bxc3 15. Qc1 Bxa1 16. Qxa1 e5 17. Bh6 Re8 18. Qc1 Nc5 19. Be2 Ne6 20. Bg4 Nd4 21. Qg5 f5 22. exf5 Bxf5 23. Rd1 Kf7 24. Bxf5 Nxf5 25. Rb1 Qc7 26. Rb3 Nd4 27. Rb2 Rb8 28. Rd2 Qe7 29. Qg4 Qe6 30. Rxd4 exd4 31. Qf3+ Qf6 32. Qxc6 Rb1+ 33. Kh2 g5 34. Bxg5 Qxg5 35. Qxd6 Re1 36. f4 Qf6 37. Qd5+ Kg7 38. c5 Qxf4+ 0-1

[Event "Regionalliga SO 1011"]
[Site "Bayern"]
[Date "2010.11.14"]
[Round "3.4"]
[White "Goetz, Andreas2222"]
[Black "Wist, Alexander"]
[Result "1/2-1/2"]
[WhiteElo "2007"]
[BlackElo "2074"]
[PlyCount "152"]
[EventDate "2010.10.10"]
[EventType "team-tourn"]
[EventRounds "9"]
[EventCountry "GER"]
[SourceTitle "EXT 2012"]
[Source "ChessBase"]
[SourceDate "2011.11.24"]
[SourceVersion "1"]
[SourceVersionDate "2011.11.24"]
[SourceQuality "1"]
[WhiteTeam "Ingolstadt II"]
[BlackTeam "Landshut"]
[WhiteTeamCountry "GER"]
[BlackTeamCountry "GER"]

1. g3 e5 2. c3 d5 3. d4 e4 4. c4 c6 5. Nc3 Bb4 6. Bg2 Nf6 7. Bg5 h6 8. Bxf6 Qxf6 9. f3 0-0 10. fxe4 dxe4 11. e3 c5 12. Qb3 Nc6 13. 0-0-0 Qf2 14. Qc2 Qxe3+ 15. Kb1 Bxc3 16. Qxc3 cxd4 17. Qxe3 dxe3 18. Bxe4 Re8 19. Bxc6 bxc6 20. Ne2 Bg4 21. Rhe1 Rad8 22. Rxd8 Rxd8 23. Nc3 Rd2 24. h4 Bf5+ 25. Kc1 Rc2+ 26. Kd1 Rxb2 27. Rxe3 Rb4 28. Re8+ Kh7 29. c5 Rc4 30. Kd2 Rxc5 31. Re7 Ra5 32. Rxf7 Be6 33. Rc7 Bxa2 34. Rxc6 Bd5 35. Rd6 Bf3 36. Rd3 Bg4 37. Rd4 h5 38. Ne4 Ra3 39. Ng5+ Kg6 40. Rc4 a5 41. Rc7 a4 42. Ra7 Kf6 43. Rf7+ Ke5 44. Rxg7 Rxg3 45. Ra7 Ra3 46. Kc2 Bf5+ 47. Kb2 Rb3+ 48. Ka2 Bb1+ 49. Ka1 Rb4 50. Rf7 Bc2 51. Rf8 Bd1 52. Rd8 Bb3 53. Rf8 Bd5 54. Re8+ Kd4 55. Nh7 Rb6 56. Rd8 a3 57. Rf8 Bc4 58. Rf4+ Kc3 59. Rf3+ Kb4 60. Re3 Rd6 61. Re1 Rd4 62. Ng5 Rxh4 63. Nf3 Rf4 64. Rb1+ Kc5 65. Ne5 h4 66. Rc1 Kd5 67. Nxc4 Rxc4 68. Rh1 Kc5 69. Rh3 Kb4 70. Ka2 Rg4 71. Rb3+ Kc4 72. Rxa3 Rg2+ 73. Kb1 Kd5 74. Rh3 Rg4 75. Kc2 Ke4 76. Kd2 Kf4 1/2-1/2

[Event "Regionalliga SO 0910"]
[Site "Bayern"]
[Date "2010.02.07"]
[Round "6.5"]
[White "Haselbeck, Franz"]
[Black "Wist, Alexander"]
[Result "1-0"]
[WhiteElo "1979"]
[BlackElo "2074"]
[PlyCount "113"]
[EventDate "2009.10.18"]
[EventType "team-tourn"]
[EventRounds "9"]
[EventCountry "GER"]
[SourceTitle "EXT 2011"]
[Source "ChessBase"]
[SourceDate "2010.11.26"]
[SourceVersion "1"]
[SourceVersionDate "2010.11.26"]
[SourceQuality "1"]
[WhiteTeam "Deggendorf"]
[BlackTeam "Landshut"]
[WhiteTeamCountry "GER"]
[BlackTeamCountry "GER"]

1. Nf3 c5 2. g3 d5 3. Bg2 d4 4. d3 Nc6 5. 0-0 Nf6 6. Nbd2 e6 7. Nc4 Be7 8. a4 0-0 9. Re1 Nd5 10. e4 dxe3 11. Nxe3 Nxe3 12. Bxe3 Qb6 13. Rb1 a5 14. Nd2 e5 15. Nc4 Qc7 16. Qh5 g6 17. Qe2 Re8 18. f4 exf4 19. Bxf4 Qd8 20. Bxc6 bxc6 21. Nd6 Be6 22. Nxe8 Qxe8 23. Qe5 Rd8 24. Bh6 Bf8 25. Bxf8 Qxf8 26. Re2 Rd5 27. Qc7 c4 28. Qxc6 Rc5 29. Qe4 cxd3 30. cxd3 Qd6 31. d4 Rc4 32. Rd1 Rxa4 33. Qe5 Qb6 34. Rf2 Bb3 35. Qe8+ Kg7 36. Rxf7+ Bxf7 37. Qxa4 Qxb2 38. Qxa5 Qb3 39. Qe5+ Kh6 40. Qf4+ g5 41. Qf6+ Bg6 42. Re1 Qc3 43. Rf1 Qe3+ 44. Qf2 Qd3 45. g4 Qa3 46. d5 Kg7 47. Qf6+ Kg8 48. Qe6+ Kg7 49. Qe5+ Kg8 50. Qb8+ Kg7 51. Qb6 h5 52. Qd4+ Kh7 53. gxh5 Bxh5 54. d6 Be8 55. d7 Bxd7 56. Qxd7+ Kg6 57. Qf7+ 1-0

[Event "Bad Griesbach Seniors op 12th"]
[Site "Bad Griesbach"]
[Date "2009.12.05"]
[Round "7"]
[White "Kugelmann, Werner"]
[Black "Wist, Alexander"]
[Result "1-0"]
[WhiteElo "2144"]
[BlackElo "2068"]
[PlyCount "75"]
[EventDate "2009.11.29"]
[EventType "swiss"]
[EventRounds "7"]
[EventCountry "GER"]
[SourceTitle "EXT 2015"]
[Source "ChessBase"]
[SourceDate "2014.11.20"]
[SourceVersion "1"]
[SourceVersionDate "2014.11.20"]
[SourceQuality "1"]

1. e4 c5 2. Nf3 d6 3. c3 Nf6 4. Bc4 e6 5. Qe2 a6 6. Bb3 b5 7. d4 cxd4 8. cxd4 Bb7 9. Bc2 Qc7 10. 0-0 Nbd7 11. Bg5 h6 12. Bh4 Rc8 13. Bd3 Be7 14. Nbd2 g5 15. Bg3 Nh5 16. a4 Nxg3 17. hxg3 bxa4 18. Bxa6 g4 19. Ne1 Bxa6 20. Qxa6 Bg5 21. f4 gxf3 22. Nexf3 Be3+ 23. Kh1 Rg8 24. Rxa4 Nb6 25. Ra3 Bxd2 26. Nxd2 Ke7 27. Rc3 Qb8 28. Rb3 d5 29. Rxb6 Qxg3 30. Rb7+ Rc7 31. Rxc7+ Qxc7 32. e5 Kf8 33. Qa3+ Kg7 34. Qf3 Kf8 35. Qf6 Rg7 36. Qxe6 Qc2 37. Qxd5 Qxd2 38. Qd8# 1-0

[Event "Regionalliga SO 0910"]
[Site "Bayern"]
[Date "2009.10.18"]
[Round "1.5"]
[White "Dost, Andreas"]
[Black "Wist, Alexander"]
[Result "0-1"]
[WhiteElo "2017"]
[BlackElo "2074"]
[PlyCount "92"]
[EventDate "2009.10.18"]
[EventType "team-tourn"]
[EventRounds "9"]
[EventCountry "GER"]
[SourceTitle "EXT 2011"]
[Source "ChessBase"]
[SourceDate "2010.11.26"]
[SourceVersion "1"]
[SourceVersionDate "2010.11.26"]
[SourceQuality "1"]
[WhiteTeam "Freising"]
[BlackTeam "Landshut"]
[WhiteTeamCountry "GER"]
[BlackTeamCountry "GER"]

1. c4 e5 2. Nc3 Bb4 3. g3 Nf6 4. Bg2 0-0 5. Nf3 d6 6. 0-0 Nc6 7. d3 h6 8. Nd5 Bc5 9. Nd2 Nxd5 10. cxd5 Ne7 11. a3 a5 12. Nb3 Bb6 13. a4 c6 14. dxc6 Nxc6 15. Kh1 Be6 16. e3 Qd7 17. Bd2 Bh3 18. Rc1 Bxg2+ 19. Kxg2 f5 20. Na1 Kh8 21. Qb3 Bc5 22. f4 exf4 23. gxf4 Rae8 24. Rf3 Bb4 25. Bc3 Bxc3 26. bxc3 Rf6 27. Nc2 Re7 28. Rb1 Qe8 29. Rg3 Qh5 30. Re1 Rg6 31. Qd5 Ree6 32. Qf3 Qh4 33. Rb1 Qe7 34. Rb5 Qf6 35. Nd4 Nxd4 36. cxd4 Qf8 37. Rxb7 Qc8 38. Ra7 Qc2+ 39. Kh3 Qxd3 40. Ra8+ Kh7 41. Rxa5 Rxg3+ 42. hxg3 Rxe3 43. Qg2 h5 44. Qd5 Rxg3+ 45. Kh2 Rh3+ 46. Kg1 Qe3+ 0-1

[Event "Bad Griesbach Seniors op 11th"]
[Site "Bad Griesbach"]
[Date "2008.12.11"]
[Round "5"]
[White "Schurig, Wilhelm"]
[Black "Wist, Alexander"]
[Result "1/2-1/2"]
[WhiteElo "1902"]
[BlackElo "2088"]
[PlyCount "93"]
[EventDate "2008.12.07"]
[EventType "swiss"]
[EventRounds "7"]
[EventCountry "GER"]
[SourceTitle "EXT 2015"]
[Source "ChessBase"]
[SourceDate "2014.11.20"]
[SourceVersion "1"]
[SourceVersionDate "2014.11.20"]
[SourceQuality "1"]

1. Nf3 c5 2. g3 Nc6 3. Bg2 g6 4. d3 Bg7 5. 0-0 d6 6. Nbd2 e6 7. e4 Nge7 8. c3 0-0 9. Rb1 b6 10. Re1 Ba6 11. Nc4 b5 12. Ne3 d5 13. exd5 Nxd5 14. Nxd5 exd5 15. Be3 Qd6 16. d4 c4 17. Bf4 Qd8 18. Qd2 Bc8 19. Bh6 Bf5 20. Rbd1 Be4 21. Bxg7 Kxg7 22. Ne5 Bxg2 23. Kxg2 Qd6 24. Nxc6 Qxc6 25. Re5 Rfe8 26. Rde1 Rxe5 27. Rxe5 Rd8 28. Qe3 Rd6 29. Re7 Re6 30. Rxe6 Qxe6 31. Qxe6 fxe6 32. f4 Kf6 33. g4 h6 34. Kg3 Kf7 35. h3 Ke7 36. Kf3 Kd6 37. Kg3 a6 38. h4 h5 39. g5 Kc6 40. Kf2 b4 41. cxb4 Kb5 42. Ke3 Kxb4 43. Kd2 a5 44. Kc2 Ka4 45. Kc3 Kb5 46. a3 Ka4 47. Kc2 1/2-1/2

[Event "Bad Griesbach Seniors op 11th"]
[Site "Bad Griesbach"]
[Date "2008.12.09"]
[Round "3"]
[White "Farago, Ivan"]
[Black "Wist, Alexander"]
[Result "1-0"]
[WhiteElo "2440"]
[BlackElo "2088"]
[PlyCount "73"]
[EventDate "2008.12.07"]
[EventType "swiss"]
[EventRounds "7"]
[EventCountry "GER"]
[SourceTitle "EXT 2015"]
[Source "ChessBase"]
[SourceDate "2014.11.20"]
[SourceVersion "1"]
[SourceVersionDate "2014.11.20"]
[SourceQuality "1"]

1. d4 Nf6 2. c4 e6 3. Nf3 b6 4. a3 Bb7 5. Nc3 d5 6. cxd5 Nxd5 7. Bd2 Nf6 8. Rc1 Be7 9. Bf4 a6 10. g3 0-0 11. Bg2 Nbd7 12. 0-0 Bd6 13. Qd2 Ra7 14. Rfe1 Ne4 15. Qe3 Ndf6 16. Nxe4 Bxe4 17. Bg5 Bd5 18. Qd3 Be7 19. e4 Ba8 20. Ne5 c5 21. dxc5 Bxc5 22. Qe2 h6 23. Red1 Qe7 24. Bxf6 gxf6 25. Ng4 Kg7 26. b4 f5 27. bxc5 fxg4 28. cxb6 Rd7 29. Rxd7 Qxd7 30. Qxa6 Bb7 31. Qe2 Rc8 32. Rxc8 Qxc8 33. Qxg4+ Kf8 34. Qf4 h5 35. Qc7 Qxc7 36. bxc7 Ke7 37. e5 1-0

[Event "Regionalliga SO 0809"]
[Site "Bayern"]
[Date "2008.10.05"]
[Round "1.4"]
[White "Wist, Alexander"]
[Black "Steinbacher, Thomas"]
[Result "1-0"]
[WhiteElo "2079"]
[BlackElo "2044"]
[PlyCount "67"]
[EventDate "2008.10.05"]
[EventType "team-tourn"]
[EventRounds "9"]
[EventCountry "GER"]
[SourceTitle "EXT 2020"]
[Source "ChessBase"]
[SourceDate "2019.10.17"]
[SourceVersion "1"]
[SourceVersionDate "2019.10.17"]
[SourceQuality "1"]
[WhiteTeam "Landshut"]
[BlackTeam "Pang/Rosenheim II"]
[WhiteTeamCountry "GER"]
[BlackTeamCountry "GER"]

1. e4 e5 2. Nf3 Nc6 3. Bb5 f5 4. d4 fxe4 5. Nxe5 Nxe5 6. dxe5 c6 7. Be2 Qa5+ 8. Bd2 Qxe5 9. Bc3 Qg5 10. Bh5+ Kd8 11. 0-0 Nf6 12. Bxf6+ gxf6 13. Nc3 Rg8 14. g3 f5 15. f4 Qf6 16. Kh1 Bb4 17. Ne2 Bc5 18. c3 Kc7 19. b4 Be7 20. Rb1 a6 21. c4 d6 22. Nd4 c5 23. Nc2 Be6 24. Ne3 Qd4 25. Qe2 cxb4 26. Rxb4 d5 27. Rd1 Qc5 28. Rdb1 dxc4 29. Rxb7+ Kc8 30. Qb2 Bd6 31. Qf6 Bd7 32. Nxc4 Qxc4 33. Qxd6 Qc6 34. Rb8+ 1-0

[Event "Bad Griesbach Seniors op 10th"]
[Site "Bad Griesbach"]
[Date "2007.12.08"]
[Round "7"]
[White "Wist, Alexander"]
[Black "Johnsen, Gunnar"]
[Result "1/2-1/2"]
[WhiteElo "2090"]
[BlackElo "2248"]
[PlyCount "96"]
[EventDate "2007.12.02"]
[EventType "swiss"]
[EventRounds "7"]
[EventCountry "GER"]
[SourceTitle "EXT 2015"]
[Source "ChessBase"]
[SourceDate "2014.11.20"]
[SourceVersion "1"]
[SourceVersionDate "2014.11.20"]
[SourceQuality "1"]

1. e4 c5 2. Nf3 Nc6 3. d4 cxd4 4. Nxd4 g6 5. Be2 Bg7 6. Be3 Nf6 7. Nc3 0-0 8. 0-0 d5 9. exd5 Nxd5 10. Nxd5 Qxd5 11. Bf3 Qc4 12. Nxc6 bxc6 13. c3 a5 14. Qb3 Be6 15. Qxc4 Bxc4 16. Rfd1 Rfc8 17. Rd7 Rab8 18. b3 Bd5 19. Bxd5 cxd5 20. Rxd5 Bxc3 21. Rad1 f6 22. g4 Kf7 23. g5 a4 24. bxa4 Ra8 25. gxf6 Kxf6 26. Rc1 Ke6 27. Rd3 Ba5 28. Rc5 Bb4 29. Rxc8 Rxc8 30. Rb3 Ba5 31. Bb6 Bxb6 32. Rxb6+ Kd7 33. Rb3 Ra8 34. Rb4 g5 35. Kg2 Kd6 36. Kg3 h5 37. h3 Ke6 38. Kf3 Kf6 39. Ke3 Ra5 40. a3 e6 41. f3 Re5+ 42. Re4 Rd5 43. Rd4 Re5+ 44. Kf2 Rc5 45. Ke3 Rc3+ 46. Rd3 Rc4 47. Rd4 Rc3+ 48. Rd3 Rc4 1/2-1/2

[Event "Niederbayernliga 0708"]
[Site "Germany"]
[Date "2007.11.04"]
[Round "2.3"]
[White "Wist, Alexander"]
[Black "Wiedmann, Klaus"]
[Result "1/2-1/2"]
[WhiteElo "2090"]
[BlackElo "1916"]
[PlyCount "123"]
[EventDate "2007.10.21"]
[EventType "team"]
[EventRounds "9"]
[EventCountry "GER"]
[SourceTitle "EXT 2009"]
[Source "ChessBase"]
[SourceDate "2008.11.26"]
[SourceVersion "1"]
[SourceVersionDate "2008.11.26"]
[SourceQuality "1"]
[WhiteTeam "Landshut"]
[BlackTeam "Rottal II"]
[WhiteTeamCountry "GER"]
[BlackTeamCountry "GER"]

1. e4 e5 2. Nf3 Nc6 3. Bb5 a6 4. Bxc6 dxc6 5. 0-0 Bg4 6. h3 Bxf3 7. Qxf3 Qd7 8. Qg3 f6 9. d3 Bc5 10. Be3 Bxe3 11. Qxe3 Ne7 12. f4 exf4 13. Rxf4 0-0 14. Nd2 b6 15. Rf2 c5 16. Nf3 Ng6 17. Raf1 Rae8 18. Qd2 f5 19. exf5 Rxf5 20. Ng5 Rxf2 21. Qxf2 Rf8 22. Qe3 Rxf1+ 23. Kxf1 h6 24. Qe6+ Qxe6 25. Nxe6 c6 26. d4 cxd4 27. Nxd4 Ne7 28. b4 Kf7 29. Ke2 Kf6 30. Kd3 Ke5 31. g3 g6 32. c4 Kd6 33. a3 c5 34. Nb3 cxb4 35. axb4 Nc6 36. Kc3 a5 37. c5+ Kd5 38. b5 Na7 39. cxb6 Nxb5+ 40. Kd3 Kc6 41. Nxa5+ Kxb6 42. Nc4+ Kc5 43. Ne5 g5 44. Nf7 Kd5 45. Nxh6 Ke6 46. Ke4 Nd6+ 47. Kf3 Kf6 48. Ng4+ Kf5 49. Nf2 Nf7 50. Ne4 Ne5+ 51. Ke3 Nf7 52. Kd4 Ke6 53. Nc5+ Kf5 54. Kd5 g4 55. h4 Ne5 56. Ne6 Nf3 57. Nd4+ Kg6 58. Ke4 Nxh4 59. gxh4 Kh5 60. Nf5 g3 61. Kf3 g2 62. Kxg2 1/2-1/2